Oscar Winning Movies by Ditloid - Statistics

General Stats
  • This quiz has been taken 102 times
  • The average score is 11 of 28
Answer Stats
Genre Ditloid Movie % Correct
War The B on the R K The Bridge on the River Kwai
89%
War A Q on the W F All Quiet on the Western Front
85%
War From H to E From Here to Eternity
84%
War B on the F of J Born on the Fourth of July
76%
Biography The K's S The King's Speech
63%
Crime The S of the L The Silence of the Lambs
63%
Crime The G with the D T The Girl with the Dragon Tattoo
62%
Crime In the H of the N In the Heat of the Night
59%
Crime N C for O M No Country for Old Men
55%
Biography The D of A F The Diary of Anne Frank
48%
Drama M by the S Manchester by the Sea
47%
Crime M on the O E Murder on the Orient Express
47%
Biography B C and the S K Butch Cassidy and the Sundance Kid
40%
Comedy An A W in L An American Werewolf in London
38%
Adventure The O M and the S The Old Man and the Sea
38%
Documentary B for C Bowling for Columbine
29%
Drama M of a G Memoirs of a Geisha
28%
Adventure M M: F R Mad Max: Fury Road
26%
Drama The G S on E The Greatest Show on Earth
24%
Biography The M of K G The Madness of King George
23%
Comedy I H O N It Happened One Night
15%
Documentary M of the P March of the Penguins
15%
Adventure A the W in E D Around the World in Eighty Days
14%
Drama K of the S W Kiss of the Spider Woman
11%
Biography The P of the Y The Pride of the Yankees
11%
Drama P in the H Places in the Heart
7%
Comedy H and H S Hannah and Her Sisters
6%
Comedy G W's C to D Guess Who's Coming to Dinner
5%
No matching quizzes found
Score Distribution
Percent of People with Each Score
Percentile by Number Answered
Your Score History
You have not taken this quiz